00901nam a22002777a 45000010005000000030006000050050017000110080041000280200018000690400029000870500015001160820013001311000037001442450085001812500041002662600038003073000045003454900041003905050007004315200078004385210018005165210018005346500018005526500022005707000031005925882FISKH20250331082413.0250130b cb ||||| |||| 00| 0 eng d a9780064442640 aFISKHbengcFISKHdFISKH aPZ7.C179 B a 823.914 aCapucilli, Satin Alyssad(1957-) aBathtime for Biscuit /cstory by Alyssa Satin Capucilli pictures by Pat Schories aThis edition first published in 1998 aNew York :bHarperCollins,c1998. a24 pages :bcolor illustrations ;c23 cm aI can read!vMy First share reading  aC  aBiscuit the puppy runs away from his bath with his puppy friend, Puddles.8 a150 bLexile 8 aC bRaz-Plus  2DogsaAnimals 2Easy readeraPets aSchories, Patdillustrator